000 00893nam a2200253Ia 4500
003 OSt
005 20221005104521.0
006 a|||||r|||| 00| 0
007 ta
008 221004b |||||||| |||| 00| 0 hin d
020 _a8189537210 (hbk)
_c295
024 _a98293
037 _b426, 24/03/2009, Swaraj Prakashan
_cTextual
040 _aCRL
_cCRL
_bhin
041 _2hin
_ahin
082 _aN44,N, 152P6
100 _aजोशी, ज्योतिष
245 0 _aरूपंकर
_b समकालीन कला विमर्श
246 _aRūpankara: samakālīn kalā vimarsha
260 _aदिल्ली
_bयश पब्लिकेशन्स भारत
_c2006
300 _a196पृ0
_ccm.
942 _hN44,N, 152P6
_cTEXL
_2cc
999 _c1012952
_d1012952